Maiores cidades de países - Sudden Death - Statistics

Estatísticas Gerais
  • Esse quiz foi jogado 137 vezes
    136 desde o último reset
  • A pontuação média é 4 de 18
Answers on the Grid
Answers color-coded by a green-red scale on the quiz's grid according to % correct below.
Cartum
Catmandu
Bangkok
Kinshasa
Madrid
Londres
Auckland
La Paz
Iaundé
Joanesburgo
Abidjan
Abu Dhabi
Osaka
Jerusalém
Alexandria
Bruxelas
Quito
Brisbane
Istambul
Dar Es Salam
Zurique
Karachi
Lagos
Yangon
Casablanca
Los Angeles
Calcutá
Pequim
Almati
Toronto
Rio de Janeiro
Ho Chi Minh
 
Estatísticas das Respostas
Resposta % Correto
Londres
62%
Bangkok
54%
Madrid
52%
Istambul
34%
Auckland
26%
Kinshasa
24%
Catmandu
22%
Toronto
18%
Lagos
16%
Ho Chi Minh
14%
Joanesburgo
14%
Casablanca
10%
Dar Es Salam
6%
Zurique
6%
Yangon
4%
Abidjan
2%
Almati
2%
Karachi
2%
Nenhum quiz correspondente encontrado
Distribuição das Pontuações
Porcentagem de Pessoas com Cada Pontuação
Percentil de Números Respondidos
Sua Pontuação Histórica
Você não jogou esse quiz desde o último reset